000 00434pab a2200157 454500
008 180718b2013 xxu||||| |||| 00| 0 eng d
100 _aHibbert, Paul
245 _aApproaching reflexivity through reflection: Issues for critical management education
260 _c2013
300 _ap.803-827.
362 _aDec
650 _aManagement education
773 _aJournal of Management Education
908 _aN
909 _a103388
999 _c103384
_d103384